| 000 | 01117nam a2200253Ia 4500 | ||
|---|---|---|---|
| 003 | OSt | ||
| 005 | 20200728122331.0 | ||
| 008 | 191128t2013 ck ad fr 000 0 spa d | ||
| 020 | _a9789587414103 | ||
| 040 |
_aCO-JMCR _cCO-JMCR |
||
| 041 | 0 | _aspa | |
| 082 | 0 | 4 |
_a341.420264 / _bB517t _223 |
| 100 | 1 |
_aBernal Crespo, Julia Sandra, _eautora _97969 |
|
| 245 | 1 | 3 |
_aEl territorio : _bun análisis desde el derecho y la ciencia política / _cJulia Sandra Bernal Crespo ; editor Ángel Tuiran Sarmiento |
| 260 |
_aBarranquilla : _bUniversidad del Norte, _c©2013 |
||
| 300 |
_a468 páginas : _bgráficos a blanco y negro ; _c24 cm. |
||
| 504 | _aBibliografía: páginas 467-468 | ||
| 505 | 0 |
_tAntecedentes políticos de la relación estado-territorio en el mundo moderno / _rJavier Alfredo Ferreira _tLas ampliaciones, retos territoriales para la Unión Europea: caso Polonia / _rSilvana Insignares Cera |
|
| 650 | 1 | 4 |
_aDerecho y Política _97970 |
| 650 | 1 | 4 |
_aOrdenamiento territorial _97971 |
| 650 | 1 | 4 |
_aDerecho Internacional _92682 |
| 700 | 1 |
_aTuirán Sarmiento, Ángel, _eeditor _97972 |
|
| 942 |
_2ddc _cBK |
||
| 999 |
_c5882 _d5882 |
||